Pesni Kuby dl´a golosa v soprovoždenii fortepjano.

Uložené v:
Podrobná bibliografia
Médium: Hudobnina
Jazyk:Russian
Vydané: Moskva : Muzgiz, 1961.
Fyzický popis: 94 strán.
Tagy: Pridať tag
Žiadne tagy, Buďte prvý kto otaguje tento záznam!

MARC

LEADER 00000ncm a2200000#i#4500
001 000707607
005 20240111155351.0
008 240111s1961 ru e 000 0 rus d
020 |q (brožované)  |c Kčs 12,00 
040 |a SVKK  |b slo  |c SVKK  |e rda 
245 0 0 |a Pesni Kuby dl´a golosa v soprovoždenii fortepjano. 
264 1 |a Moskva :  |b Muzgiz,  |c 1961. 
300 |a 94 strán. 
336 |a zápis hudby  |b ntm  |2 rdacontent 
337 |a bez média  |b n  |2 rdamedia 
338 |a zväzok  |b nc  |2 rdacarrier 
500 |a Záznam revízie 
910 |a svkkk 
998 |a MU 
090 |g SCKHL  |k Sklad Pribinova 3. posch.  |a V.33042  |j 308069  |i 2720987004  |s Absenčne